000 00531nam a22001697a 4500
008 160929b xxu||||| |||| 00| 0 eng d
020 _a0807743127
050 _aLB 1775.2 .N55 2003
100 _aNieto,Sonia
245 _aWhat keeps teachers going?/
_cSonia Nieto
260 _aNew York:
_bTeachers College Press,
_c2003
300 _axiii, 159p. :
_bill. ;
500 _aIncludes references and index.
650 _aTeachers
_zUnited States
650 _aTeaching
942 _2lcc
_cBOOKS
_hLB 1775.2 .N55 2003
999 _c14288
_d14288